000 00610nam a2200241Ia 4500
003 OSt
005 20221005115207.0
006 a|||||r|||| 00| 0
007 ta
008 221004b |||||||| |||| 00| 0 eng d
024 _a63831
037 _cTextual
040 _aCRL
_cCRL
_beng
041 _2eng
_aeng
082 _aW:28, J62
100 _aBlau Peter M
245 0 _aBureaucracy in modern society
260 _c1956
650 _aPOLITICAL SCIENCE
700 _a Page Charles H
_9131705
942 _hW:28, J62
_cTEXL
_2cc
999 _c1033733
_d1033733